000 00286nam a22001337a 4500
008 170623b xxu||||| |||| 00| 0 eng d
020 _a2900872207393
041 _aeng
080 _a32
100 _a21
101 _ashp
245 _aWAGING WAR ON TRIAL
_cDIRCK, R
942 _2udc
_cBK
999 _c19021
_d19021